| 000 | 00579nam a2200205 a 4500 | ||
|---|---|---|---|
| 001 | 622 | ||
| 003 | CDMR | ||
| 005 | 20131129111155.0 | ||
| 008 | 130130s1982||||||||||||||||||||||||||||d | ||
| 020 | _a8475091938 | ||
| 040 |
_aCDMR _bcat _cCDMR |
||
| 100 | 1 |
_aWilliams, Raymond _9472 |
|
| 245 | 1 | 0 |
_aCultura _b: sociología de la comunicación y del arte _cRaymond Williams |
| 260 |
_aBarcelona _c1982 _bPaidós |
||
| 300 | _a231 p. | ||
| 490 | 0 |
_aPaidós Comunicación _v4 |
|
| 650 | 0 | 4 |
_93211 _aComunicació i cultura |
| 650 | 0 | 4 |
_91460 _aSociologia de la comunicació |
| 942 |
_cMON _2udc |
||
| 999 |
_c622 _d622 |
||